Filmy studia Pixar. - Statystyki

Ogólne statystyki
  • Ten quiz został rozwiązany 803 razy
    692 od ostatniego zresetowania
  • Średni wynik to 13 z 22
Statystyki odpowiedzi
Rok Film % Poprawnych
1995 Toy Story
89%
1999 Toy Story 2
84%
2010 Toy Story 3
84%
2006 Auta
79%
2019 Toy Story 4
77%
2011 Auta 2
74%
2017 Auta 3
72%
2001 Potwory i spółka
68%
2004 Iniemamocni
62%
2008 WALL-E
59%
2009 Odlot
58%
2018 Iniemamocni 2
55%
2003 Gdzie jest Nemo?
54%
2017 Coco
53%
2013 Uniwersytet potworny
53%
2015 W głowie się nie mieści
52%
1998 Dawno temu w trawie
48%
2016 Gdzie jest Dory?
47%
2012 Merida waleczna
47%
2007 Ratatuj
44%
2020 Naprzód
30%
2015 Dobry dinozaur
28%
Nie znaleziono quizów pasujących do podanych kryteriów
Rozkład punktacji
Procent ludzi z każdym wynikiem
Percentyl według liczby udzielonych odpowiedzi
Twoja historia wyników
Nie rozwiązałeś tego quizu od ostatniego zresetowania